000 00455nmm a2200145Ia 4500
008 251105s9999||||xx |||||||||||||||||und||
041 _aspa
245 0 _aLuna Creciente :
_b Cuentos chinos contemporáneos
264 _a[Madrid, España] :
_bEditorial Popular,
_c2007
300 _a245 páginas
490 _aLetra Grande / Seria Maior
650 _aTeen & Young Adult Fiction
856 _uhttps://public.digitaliapublishing.com/a/155344
942 _cCF
999 _c99731
_d99731